000 00493nam a2200181Ia 4500
005 20250326123713.0
008 250326s9999 xx 000 0 und d
037 _aTextbook
040 _aFMSL
_beng
_cFMSL
041 _aeng
_2eng
084 _aX621 M5
_qFMSL
100 _aKock M H De
_9735854
245 0 _aCentral banking
_cKock M H De
260 _aNew Delhi
_bNew Delhi, Universal Book Stall
_c1985
300 _a325p
942 _cTB
_hX621 M5
999 _c1270576
_d1270576